000 00402nam a22001697a 4500
003 SGT
020 _a9789394525245
082 _a301
_bS24P
100 _aPAKHIDE, VANDANA
245 _aTB. OF SOCIOLOGY FOR PHYSIOTHERAPY STUDENTS
250 _a1ST
260 _aINDIA
_bCBS PUB
_c2024
300 _a356
650 _aSOCIOLOGY
653 _aSOCIOLOGY FOR PHYSIOTHERAPY STUDENTS
942 _2ddc
_cBK
999 _c30926
_d30926